Paleoethnobotany : a handbook of procedures

Αποθηκεύτηκε σε:
Λεπτομέρειες βιβλιογραφικής εγγραφής
Κύριος συγγραφέας: Pearsall, Deborah M.
Μορφή: Βιβλίο
Γλώσσα:English
Δημοσίευση: San Diego : Academic Press, c2000
Έκδοση:2nd ed.
Θέματα:
Ετικέτες: Προσθήκη ετικέτας
Δεν υπάρχουν, Καταχωρήστε ετικέτα πρώτοι!

MARC

LEADER 00000nam a2200000 i 4500
001 1/39655
008 030901s2000 eng d
020 |a 0-12-548042-3 
035 |l 10070663 
040 |a GR-MY-UA  |b gre  |e aacr 
041 0 |a eng 
082 0 |a 561.072 
100 1 |a Pearsall, Deborah M. 
245 1 0 |a Paleoethnobotany :  |b a handbook of procedures /  |c Deborah M. Pearsall 
250 |a 2nd ed. 
260 |a San Diego :   |b Academic Press,   |c c2000 
300 |a xxxii, 700 σ.;  |b εικ., χάρτες;  |c 25 εκ. 
504 |a Περιέχει βιβλιογραφικές παραπομπές και ευρετήριο 
650 0 0 |a Plant remains (Archaeology) 
650 0 0 |a Paleoethnobotany. 
852 |a INST  |b LESVOS  |e 20030901  |h 561.072 PEA  |p 005100026658  |q 005100026658  |t BK  |y 0 
901 |a BIBL1-2003-2 
909 |a Λ  |b 102979 
922 |a 1ΕΛΗ  |b 200211  |c ΕΠΕΑΕΚ2/ΤΓ  |d ΠΑΠΑΣΩΤΗΡΙΟΥ & ΕΛΕΥΘΕΡΟΥΔΑΚΗΣ 
970 |a ΚΑΡΑ  |b ΓΙΑΣΕΜΗ  |z 2003/09/01